000 00601cam a22002053a 4500
001 35265
003 PGUSA
005 20140828083747.0
008 110213s2011||||xxu|||||s|||||000 | eng d
040 _aPGUSA
_beng
042 _adc
100 1 _aHenty, G. A.
_q(George Alfred),
_d1832-1902
245 1 2 _aA Search For A Secret, a Novel, Vol. 2
_h[electronic resource] /
_cG. A. Henty
260 _bProject Gutenberg,
_c2011
506 _aPublic domain in the USA.
516 _aElectronic text
830 0 _aProject Gutenberg
_v35265
856 4 0 _uhttp://www.gutenberg.org/ebooks/35265
942 _cEB
999 _c264520
_d264520